Fortran: with emphasis on the c d clower 3000 series computers (Record no. 1250866)

MARC details
000 -LEADER
fixed length control field 00539nam a2200181Ia 4500
005 - DATE AND TIME OF LATEST TRANSACTION
control field 20250317123335.0
008 - FIXED-LENGTH DATA ELEMENTS--GENERAL INFORMATION
fixed length control field 008 250317s9999 xx 000 0 eng d
040 ## - CATALOGING SOURCE
Original cataloging agency FMSL
Language of cataloging eng
Transcribing agency FMSL
041 ## - LANGUAGE CODE
Language code of text/sound track or separate title eng
Source of code eng
084 ## - COLON CLASSIFICATION NUMBER
Classification number D658(B) L2
Assigning agency FMSL
100 ## - MAIN ENTRY--PERSONAL NAME
Personal name Seidel K P
9 (RLIN) 735539
245 #0 - TITLE STATEMENT
Title Fortran: with emphasis on the c d clower 3000 series computers
260 ## - PUBLICATION, DISTRIBUTION, ETC.
Place of publication, distribution, etc. califonia
Name of publisher, distributor, etc. califonia, Good Year
Date of publication, distribution, etc. 1972
300 ## - PHYSICAL DESCRIPTION
Extent 144p
942 ## - ADDED ENTRY ELEMENTS (KOHA)
Koha item type Textbook
Classification part D658(B) L2

No items available.

Copyright @ Delhi University Library System